000 01002nam a2200265Ia 4500
003 OSt
005 20221005103300.0
006 a|||||r|||| 00| 0
007 ta
008 221004b |||||||| |||| 00| 0 hin d
020 _a9788190277200 (hbk)
_c150
024 _a13908
037 _bSP/3343, 19/03/2014, Star Publications Pvt. Ltd.
_cTextual
040 _aCRL
_cCRL
_bhin
041 _2hin
_ahin
082 _aO152,1J58:g, Q1
100 _aकलवार, किशोरीलाल सी.
245 0 _aरसखान और उनका काव्य
246 _aRasakhān aur unakā kāvya
260 _aगाजियाबाद
_bलता साहित्य सदन भारत
_c2011
300 _a88पृ0
_ccm.
650 _aहिन्दी साहित्य
942 _hO152,1J58:g, Q1
_cTEXL
_2cc
999 _c1009787
_d1009787